P.J. MEHTA'S PRACTICAL MEDICINE (Record no. 18768)

MARC details
000 -LEADER
fixed length control field 00370nam a22001577a 4500
003 - CONTROL NUMBER IDENTIFIER
control field SGT
020 ## - INTERNATIONAL STANDARD BOOK NUMBER
International Standard Book Number 978-81-907-0462-5
082 ## - DEWEY DECIMAL CLASSIFICATION NUMBER
Classification number 616.024
Item number P19M
100 ## - MAIN ENTRY--PERSONAL NAME
Personal name MEHTA, NIHAR P.
245 ## - TITLE STATEMENT
Title P.J. MEHTA'S PRACTICAL MEDICINE
250 ## - EDITION STATEMENT
Edition statement 21ST
260 ## - PUBLICATION, DISTRIBUTION, ETC. (IMPRINT)
Place of publication, distribution, etc INDIA
Name of publisher, distributor, etc NATIONAL BOOK DEPOT
Year of Publication 2019
300 ## - PAGE DESCRIPTION
No. of Pages 634
650 ## - SUBJECT ADDED ENTRY--TOPICAL TERM
Topical term or geographic name as entry element GENERAL MEDICINE
942 ## - ADDED ENTRY ELEMENTS (KOHA)
Source of classification or shelving scheme Dewey Decimal Classification
Koha item type Books
942 ## - ADDED ENTRY ELEMENTS (KOHA)
-- 97
Holdings
Withdrawn status Lost status Source of classification or shelving scheme Damaged status Not for loan Collection code Home library Current library Shelving location Date acquired Vendor Name Cost, normal purchase price SGTU Bill Number Total Checkouts Full call number Accession No. (Barcode) Date last seen Date last borrowed Bill Date Koha item type Total Renewals
    Dewey Decimal Classification     MEDICAL SGT Medical Library SGT Medical Library Reference Book 05/08/2019 ABC 860.00 SGTU 11141 3 616.024 P19M FM11761 23/09/2023 30/12/2020 03/07/2019 Books  
    Dewey Decimal Classification     MEDICAL SGT Medical Library SGT Medical Library Reference Book 05/08/2019 ABC 860.00 SGTU 11141 45 616.024 P19M FM11762 01/08/2025 08/07/2025 03/07/2019 Books 2
    Dewey Decimal Classification   Not For Loan MEDICAL SGT Medical Library SGT Medical Library Reference Book 05/08/2019 ABC 860.00 SGTU 11141   616.024 P19M FM11763 05/08/2019   03/07/2019 Books  
    Dewey Decimal Classification     MEDICAL SGT Medical Library SGT Medical Library Reference Book 05/08/2019 ABC 860.00 SGTU 11141 40 616.024 P19M FM11764 24/12/2025 11/12/2025 03/07/2019 Books  
    Dewey Decimal Classification     MEDICAL SGT Medical Library SGT Medical Library Reference Book 05/08/2019 ABC 860.00 SGTU 11141 38 616.024 P19M FM11765 24/12/2025 11/12/2025 03/07/2019 Books 7